000 00532nam a2200157Ia 4500
001 10861
003 GE_BSU
008 181216s||||||||xx |||||||||||||| ||und||
040 _cGE_BSU
100 _aქეთელაური,სულხან
245 _aტყე ტიროდა.
245 _bმოთხრობები.
245 _cრედ.ჯ.ბაჯელიძე;მხატვ.ზ.მეძმარიაშვილი,გ.გიგაური.
653 _aტყე ტიროდა.
942 _cBK
999 _c44103
_d44103